| 000 -ლიდერი |
| ფიქსირებული სიგრძის საკონტროლო ველი |
01771nam a2200289Ia 4500 |
| 001 - საკონტროლო ნომერი |
| საკონტროლო ველი |
6604 |
| 003 - საკონტროლო ნომრის იდენტიფიკატორი |
| საკონტროლო ველი |
GE_BSU |
| 005 - ბოლო ოპერაციის თარიღი და დრო |
| საკონტროლო ველი |
20191119160259.0 |
| 008 - ფიქსირებული სიგრძის მონაცემთა ელემენტები - ზოგადი ინფორმაცია |
| ფიქსირებული სიგრძის საკონტროლო ველი |
181216s2012||||ge |||||||||||||| ||geo|| |
| 020 ## - წიგნის საერთაშორისო სტანდარტული ნომერი |
| International Standard Book Number |
9789941195860 |
| 040 ## - კატალოგიზაციის წყარო |
| Transcribing agency |
GE_BSU |
| 041 ## - ენის კოდი |
| Language code of text/sound track or separate title |
geo |
| 080 ## - უნივერსალური ათობითი კლასიფიკაციის ინდექსი |
| Universal Decimal Classification number |
94(479.22) ს-32 |
| 245 ## - ცნობა სათაურის შესახებ |
| Title |
საქართველოს ისტორია 4 ტომად : |
| Remainder of title |
ტ. 3 : საქართველოს ისტორია XIII საუკუნიდან XIX საუკუნემდე / |
| Statement of responsibility, etc |
ნოდარ ასათიანი, გიორგი ოთხმეზური, მიხეილ სამსონაძე, გივი ჯამბურია ; რედ. მიხეილ სამსონაძე |
| 264 ## - წარმოების, გამოცემის, დისტრიბუციის და სხვა ცნობები |
| გამოცემის, წარმოების, დისტრიბუციის... ადგილი |
თბილისი : |
| გამოცემის, წარმოების, დისტრიბუციის... სახელწოდება |
პალიტრა L, |
| გამოცემის, წარმოების, დისტრიბუციის... თარიღი |
2014. |
| 300 ## - ფიზიკური აღწერა |
| Extent |
528 გვ.: |
| Other physical details |
16 ჩართ.ფ.; |
| Dimensions |
25 სმ. |
| 500 ## - ზოგადი შენიშვნა |
| General note |
ოთხივე ტომი მოთავსებულია მუყაოს ყუთში. |
| 653 ## - INDEX TERM--UNCONTROLLED |
| Uncontrolled term |
საქართველოს ისტორია |
| 700 ## - ADDED ENTRY--PERSONAL NAME |
| Personal name |
ასათიანი, ნოდარ |
| Relator term |
ავტორი |
| 9 (RLIN) |
932 |
| 700 ## - ADDED ENTRY--PERSONAL NAME |
| Personal name |
ოთხმეზური, გიორგი |
| Relator term |
ავტორი |
| 9 (RLIN) |
5459 |
| 700 ## - ADDED ENTRY--PERSONAL NAME |
| Personal name |
სამსონაძე, მიხეილ |
| Relator term |
ავტორი |
| 9 (RLIN) |
5460 |
| 700 ## - ADDED ENTRY--PERSONAL NAME |
| Personal name |
ჯამბურია, გივი |
| Relator term |
ავტორი |
| 9 (RLIN) |
5461 |
| 700 ## - ADDED ENTRY--PERSONAL NAME |
| Personal name |
ლორთქიფანიძე, მარიამ |
| Relator term |
რედაქტორი |
| 9 (RLIN) |
5462 |
| 700 ## - ADDED ENTRY--PERSONAL NAME |
| Personal name |
ჯაფარიძე, ოთარ |
| Relator term |
რედაქტორი |
| 9 (RLIN) |
5455 |
| 700 ## - ADDED ENTRY--PERSONAL NAME |
| Personal name |
მუსხელიშვილი, დავით და სხვ. |
| Relator term |
რედაქტორი |
| 9 (RLIN) |
5463 |
| 942 ## - ADDED ENTRY ELEMENTS (KOHA) |
| Koha item type |
წიგნი |
| Source of classification or shelving scheme |
|